000 00788nam a2200265Ia 4500
001 Z_375
003 CHAP
008 220113s1985 xx 000 0 und d
010 _a163351
040 _cCHAP
090 _aTesis D 397
100 _aDíaz Díaz, Leonardo
_933452
245 _aEfecto de la harina de barbasco (Dioscorea composita Hemsl.), sobre la actividad reproductiva de la cerda joven /
_cpor Leonardo Díaz Díaz
260 _aChapingo, Méx. :
_bEl autor,
_c1985
300 _a36 h.
502 _aTesis (Ing. Agrónomo Esp. en Zootecnia) -- UACH. Departamento de Zootecnia
650 _aBarbasco
_910089
650 _aGanado porcino
_xFecundidad
_945369
901 _aTESIS D 397
902 _aM
910 _a1985
942 _c2
942 _c2
999 _c163351
_d163351